00630nam a2200169 a 4500008004100000020001500041050001600056100002200072245005100094260003100145300001900176350000900195700001400204995009300218999001700311952013200328120416s0000 ||||||||||||||||| || u a085274269x aTK 7874 Gro aGrovenor, C. R. M10aMicroelectronic Materialscedited by B. Cantor aBristolbAdam Hilgerc1989 ax, 544p. : ill a0.00 aCantor, B D0.00FCBU-MAIN LIBRARY (Kitwe)H1I60.00UAVAILABLEZMain Library Open Access Collection c51128d51128 00102lcc4070a001b001cMain Library Open Access Collectiond2022-11-30l0oTK 7874 Grop016494r2022-11-30w2022-11-30y002